European Big Five: 350+ matches (2000-) - Statistics

General Stats
  • This quiz has been taken 8 times
  • The average score is 154 of 342
Answer Stats
Ranking Player Positions Nationality Matches Goals (assists) Periods Clubs % Correct
55 Alexis Sánchez MF, FW 487 154 (87) 2008-2025
100%
191 Ashley Cole DF 395 15 (31) 2000-2015
100%
42 Cesc Fàbregas MF, FW 500 81 (150) 2004-2022
100%
209 Ciro Immobile FW 385 206 (47) 2008-2009, 2012-2024
100%
5 Cristiano Ronaldo MF, FW 626 495 (135) 2003-2023
100%
258 David Alaba DF, MF 372 28 (34) 2009-2025
100%
63 Edinson Cavani MF, FW 479 267 (46) 2006-2023
100%
118 Franck Ribéry MF, FW 427 103 (125) 2004-2023
100%
50 Frank Lampard MF 491 160 (94) 2000-2015
100%
180 Granit Xhaka DF, MF 399 28 (34) 2012-2025
100%
9 Hugo Lloris GK 579 0 (0) 2005-2023
100%
60 Iker Casillas GK 483 0 (0) 2000-2015
100%
4 James Milner DF, MF 638 55 (89) 2002-2025
100%
230 Joe Cole MF 380 49 (38) 2000-2015
100%
58 John Terry DF 486 41 (12) 2000-2017
100%
204 Jordi Alba DF, MF 387 22 (67) 2009-2023
100%
15 Karim Benzema FW 551 281 (119) 2004-2023
100%
59 Koke MF 485 38 (83) 2009-2025
100%
131 Kyle Walker DF, MF 421 8 (36) 2009-2025
100%
10 Lionel Messi MF, FW 577 496 (221) 2004-2023
100%
271 Luis Suárez FW 368 247 (96) 2010-2022
100%
2 Pepe Reina GK 665 0 (5) 2000-2025
100%
30 Petr Čech GK 512 0 (2) 2002-2019
100%
78 Pierre-Emerick Aubameyang MF, FW 459 236 (63) 2009-2024
100%
96 Romelu Lukaku FW 443 205 (67) 2011-2025
100%
225 Ryan Giggs MF, FW 382 55 (101) 2000-2014
100%
74 Steven Gerrard MF 463 119 (89) 2000-2015
100%
102 Thibaut Courtois GK 437 0 (0) 2011-2025
100%
80 Alexandre Lacazette FW 455 215 (55) 2009-2025
80%
254 Álvaro Morata FW 373 127 (46) 2010-2025
80%
138 Andrea Pirlo MF 418 48 (82) 2000-2015
80%
97 Andrés Iniesta MF 442 35 (65) 2002-2018
80%
23 Antoine Griezmann MF, FW 530 198 (84) 2010-2025
80%
100 Arturo Vidal MF 437 77 (56) 2007-2022
80%
24 Ashley Young DF, FW 529 55 (82) 2006-2025
80%
296 Bastian Schweinsteiger DF, MF 360 46 (58) 2002-2016
80%
273 Bernardo Silva MF, FW 367 67 (58) 2014-2025
80%
88 Bernd Leno GK 446 0 (1) 2011-2025
80%
269 Carles Puyol DF 368 13 (7) 2000-2014
80%
40 Dani Alves DF, MF 502 30 (113) 2002-2018, 2021-2022
80%
35 David de Gea GK 506 0 (1) 2009-2022, 2024-2025
80%
20 David Silva MF, FW 536 91 (131) 2005-2023
80%
331 David Villa MF, FW 352 185 (46) 2003-2014
80%
113 Diego Godín DF 430 23 (14) 2007-2022
80%
130 Dimitar Berbatov FW 421 176 (67) 2000-2015
80%
90 Eden Hazard MF, FW 446 125 (92) 2007-2023
80%
33 Edin Džeko FW 509 223 (71) 2007-2023
80%
82 Fernando Llorente FW 454 133 (29) 2004-2021
80%
37 Fernando Torres FW 503 189 (55) 2002-2018
80%
91 Francesco Totti MF, FW 446 207 (115) 2000-2017
80%
109 Gerard Piqué DF 431 31 (6) 2005-2023
80%
19 Gianluigi Buffon GK 540 0 (0) 2000-2005, 2007-2021
80%
114 Giorgio Chiellini DF 430 26 (18) 2004-2005, 2007-2022
80%
302 Glen Johnson DF 358 15 (28) 2002-2018
80%
116 Gonzalo Higuaín MF, FW 428 237 (61) 2006-2020
80%
255 Hakan Çalhanoğlu MF, FW 373 78 (77) 2013-2025
80%
218 Harry Kane FW 383 275 (61) 2012-2025
80%
175 Iago Aspas MF, FW 401 165 (65) 2012-2025
80%
156 İlkay Gündoğan MF 409 66 (47) 2009-2025
80%
237 Iñaki Williams MF, FW 377 82 (46) 2014-2025
80%
168 Iñigo Martínez DF 405 23 (8) 2011-2025
80%
21 Ivan Rakitić MF 535 73 (85) 2007-2024
80%
144 Jamie Carragher DF, MF 416 1 (12) 2000-2013
80%
264 Jan Oblak GK 369 0 (0) 2014-2025
80%
279 Javi Martínez DF, MF 365 31 (13) 2006-2021
80%
265 Jérôme Boateng DF 369 5 (19) 2006-2024
80%
3 Jesús Navas DF, FW 640 30 (105) 2003-2025
80%
241 Joe Hart GK 376 0 (1) 2006-2019
80%
159 Juan Cuadrado DF, MF, FW 408 43 (60) 2009-2025
80%
256 Kevin De Bruyne MF, FW 373 95 (153) 2012-2025
80%
202 Kevin Trapp GK 388 0 (0) 2010-2025
80%
99 Leonardo Bonucci DF 438 33 (7) 2005-2006, 2009-2024
80%
27 Luka Modrić MF 521 43 (78) 2008-2025
80%
26 Manuel Neuer GK 523 0 (0) 2006-2025
80%
181 Marc-André ter Stegen GK 399 0 (2) 2010-2013, 2015-2025
80%
207 Marcelo DF, MF 386 26 (57) 2006-2022
80%
195 Marco Reus MF, FW 391 156 (95) 2009-2024
80%
157 Marek Hamšík MF 409 100 (78) 2004-2005, 2007-2019
80%
79 Mats Hummels DF 456 33 (17) 2006-2025
80%
197 Mesut Özil MF, FW 390 65 (130) 2006-2020
80%
66 Michael Carrick MF 473 22 (38) 2000-2002, 2004-2018
80%
129 Miralem Pjanić MF 422 56 (81) 2007-2021
80%
224 Mohamed Salah MF, FW 382 221 (107) 2013-2025
80%
123 Olivier Giroud FW 425 162 (57) 2010-2024
80%
43 Pedro MF, FW 499 116 (63) 2007-2025
80%
238 Per Mertesacker DF 377 25 (8) 2003-2018
80%
67 Peter Crouch FW 468 106 (58) 2001-2019
80%
212 Philipp Lahm DF, MF 385 14 (40) 2003-2017
80%
198 Piotr Zieliński MF 389 44 (49) 2012-2025
80%
188 Raheem Sterling MF, FW 396 123 (66) 2011-2025
80%
179 Raúl FW 400 157 (51) 2000-2012
80%
199 Rio Ferdinand DF 389 9 (7) 2000-2015
80%
56 Robert Lewandowski FW 487 381 (73) 2010-2025
80%
12 Samir Handanović GK 566 0 (0) 2004-2005, 2007-2023
80%
216 Samuel Eto'o FW 384 202 (60) 2000-2010, 2013-2015
80%
83 Sergio Agüero FW 454 260 (72) 2006-2022
80%
62 Sergio Busquets MF 481 10 (32) 2008-2023
80%
8 Sergio Ramos DF 581 81 (26) 2003-2024
80%
184 Theo Walcott MF, FW 397 80 (56) 2006-2023
80%
154 Thiago Silva DF 410 22 (7) 2009-2024
80%
38 Thomas Müller MF, FW 503 150 (174) 2008-2025
80%
64 Toni Kroos MF 479 45 (103) 2007-2024
80%
142 Víctor Valdés GK 417 0 (0) 2002-2014, 2016-2017
80%
51 Wayne Rooney MF, FW 491 208 (102) 2002-2018
80%
73 Xavi MF 464 57 (105) 2000-2015
80%
70 Zlatan Ibrahimović FW 467 302 (107) 2004-2017, 2019-2023
80%
306 Aleksandar Kolarov DF 357 34 (38) 2007-2022
60%
115 Álvaro Negredo FW 429 145 (43) 2007-2016, 2020-2024
60%
85 Andrea Barzagli DF 452 9 (4) 2003-2019
60%
249 Ángel Di María MF, FW 374 85 (136) 2010-2023
60%
93 Antonio Di Natale FW 444 209 (64) 2002-2016
60%
272 Bacary Sagna DF 367 5 (23) 2004-2018
60%
44 Blaise Matuidi MF 498 36 (25) 2005-2020
60%
22 César Azpilicueta DF, MF 534 12 (40) 2006-2025
60%
325 Christian Eriksen MF, FW 353 59 (80) 2013-2025
60%
57 Claudio Pizarro FW 486 189 (58) 2000-2020
60%
77 Daniele De Rossi DF, MF 459 43 (44) 2002-2019
60%
285 Danny Welbeck MF, FW 363 77 (32) 2008-2025
60%
65 Dante DF 474 19 (10) 2003-2005, 2008-2025
60%
250 David Pizarro MF 374 28 (55) 2000-2015
60%
18 Dimitri Payet MF, FW 540 114 (133) 2005-2023
60%
14 Fabio Quagliarella FW 555 182 (49) 2001-2002, 2005-2023
60%
161 Florent Malouda MF, FW 407 78 (51) 2000-2011, 2014-2015
60%
167 Francesco Acerbi DF 405 24 (8) 2011-2025
60%
49 Goran Pandev MF, FW 492 101 (49) 2003-2013, 2015-2022
60%
327 Henrikh Mkhitaryan MF, FW 353 69 (77) 2013-2025
60%
101 Idrissa Gana Gueye MF 437 18 (17) 2010-2025
60%
223 Isco MF, FW 382 68 (63) 2010-2025
60%
84 Javier Zanetti DF, MF 453 3 (15) 2000-2014
60%
47 Jermain Defoe FW 496 163 (33) 2000-2019
60%
92 John O'Shea DF, MF 445 13 (13) 2001-2017
60%
206 Jonny Evans DF 386 14 (14) 2007-2025
60%
72 Jordan Ayew MF, FW 464 73 (36) 2009-2025
60%
110 Jordan Henderson MF 431 33 (54) 2008-2023
60%
162 Juan Mata MF, FW 407 85 (81) 2007-2022
60%
172 Luca Toni FW 404 195 (57) 2000-2002, 2004-2010, 2012-2016
60%
243 Łukasz Fabiański GK 376 0 (1) 2007-2010, 2012-2025
60%
307 Mario Gómez FW 357 177 (31) 2003-2014, 2016-2019
60%
308 Marko Arnautović MF, FW 357 90 (48) 2009-2018, 2021-2025
60%
95 Miroslav Klose FW 443 175 (73) 2000-2016
60%
16 Moussa Sissoko MF, FW 543 38 (35) 2007-2024
60%
148 Nacho Monreal DF 414 14 (22) 2006-2021
60%
221 Papu Gómez MF, FW 383 75 (71) 2010-2012, 2014-2024
60%
71 Patrice Evra DF 465 12 (32) 2002-2018
60%
11 Raúl Albiol DF 574 14 (9) 2004-2025
60%
253 Salomon Kalou MF, FW 374 114 (43) 2006-2020
60%
86 Santi Cazorla MF 452 78 (91) 2003-2016, 2018-2020
60%
289 Saúl Ñíguez DF, MF 363 33 (25) 2012-2025
60%
68 Son Heung-min MF, FW 468 168 (79) 2010-2025
60%
126 Stephan Lichtsteiner DF, MF 424 20 (31) 2005-2020
60%
13 Steve Mandanda GK 564 0 (1) 2007-2025
60%
341 Thiago Motta MF 350 31 (22) 2001-2018
60%
152 Wissam Ben Yedder MF, FW 411 199 (59) 2010-2024
60%
137 Wojciech Szczęsny GK 419 0 (1) 2010-2025
60%
48 Xabi Alonso MF 496 32 (52) 2000-2017
60%
311 Yann Sommer GK 357 0 (1) 2014-2025
60%
282 Adil Rami DF 364 18 (11) 2006-2018, 2021-2023
40%
45 Alberto Gilardino FW 497 185 (34) 2000-2017
40%
190 Ander Herrera MF 395 28 (43) 2009-2025
40%
185 Anthony Lopes GK 396 0 (0) 2012-2025
40%
39 Antonio Candreva DF, MF, FW 502 85 (86) 2007-2008, 2009-2024
40%
186 Antonio Cassano FW 396 112 (91) 2000-2016
40%
94 Aritz Aduriz FW 443 158 (46) 2002-2003, 2005-2020
40%
275 Cristhian Stuani MF, FW 366 116 (17) 2007-2008, 2010-2014, 2016-2018, 2022-2025
40%
25 Daniel Parejo MF 526 77 (79) 2008-2025
40%
120 Diego López GK 426 0 (0) 2005-2006, 2007-2019, 2021-2023
40%
203 Esteban Cambiasso MF 387 46 (27) 2002-2015
40%
75 Étienne Capoue MF 460 29 (19) 2007-2024
40%
276 Filipe Luís DF 366 15 (25) 2006-2019
40%
125 Gabi MF 424 21 (39) 2003-2007, 2009-2018
40%
7 Gareth Barry MF 589 50 (61) 2000-2018
40%
192 Gary Cahill DF 394 28 (12) 2005-2021
40%
108 Iker Muniain MF, FW 434 56 (36) 2009-2024
40%
226 Ivan Perišić DF, MF, FW 381 81 (57) 2011-2024
40%
171 James Ward-Prowse DF, MF 404 57 (47) 2012-2025
40%
29 Jimmy Briand MF, FW 512 105 (67) 2002-2022
40%
1 Joaquín MF, FW 672 81 (101) 2001-2023
40%
106 John Arne Riise DF, MF 435 31 (38) 2000-2014
40%
213 Jordan Veretout MF 384 51 (39) 2013-2025
40%
61 José Callejón MF, FW 482 83 (70) 2008-2021, 2023-2024
40%
119 Juanfran DF, MF 427 16 (39) 2003-2019
40%
17 Kévin Gameiro FW 542 175 (44) 2005-2006, 2007-2024
40%
329 Kolo Touré DF 353 12 (10) 2002-2016
40%
332 Laurent Koscielny DF 352 25 (5) 2009-2022
40%
135 Leighton Baines DF 420 32 (53) 2005-2020
40%
174 Lucas Leiva MF 402 3 (19) 2007-2022
40%
315 Mateo Kovačić MF 356 17 (30) 2012-2025
40%
215 Mathieu Debuchy DF 384 29 (17) 2003-2021
40%
317 Matteo Darmian DF, MF 355 15 (16) 2006-2007, 2008-2009, 2010-2011, 2012-2025
40%
280 Naldo DF 365 46 (13) 2005-2009, 2011-2019
40%
54 Oliver Baumann GK 489 0 (2) 2009-2025
40%
107 Óscar de Marcos DF, FW 435 25 (45) 2009-2025
40%
220 Pablo Zabaleta DF, MF 383 12 (23) 2005-2020
40%
124 Paolo Cannavaro DF 425 12 (7) 2000-2005, 2007-2018
40%
274 Radja Nainggolan MF 367 48 (33) 2009-2021
40%
6 Raúl García MF, FW 609 111 (48) 2004-2024
40%
232 Riccardo Montolivo MF 380 28 (28) 2004-2018
40%
189 Roberto Firmino MF, FW 396 120 (74) 2010-2023
40%
309 Roberto Pereyra DF, MF, FW 357 45 (39) 2011-2024
40%
239 Roberto Soldado FW 377 136 (44) 2005-2016, 2019-2022
40%
310 Rodrigo Palacio MF, FW 357 93 (58) 2009-2021
40%
318 Roman Weidenfeller GK 355 0 (0) 2000-2018
40%
283 Samir Nasri MF, FW 364 49 (63) 2004-2016, 2018-2019
40%
217 Sergio Canales MF, FW 384 49 (49) 2008-2023
40%
298 Sergio García MF, FW 360 75 (62) 2003-2008, 2010-2014, 2017-2019
40%
182 Tim Howard GK 399 1 (3) 2003-2016
40%
342 William Gallas DF 350 27 (5) 2000-2013
40%
136 Yohan Cabaye MF 420 58 (41) 2004-2017, 2019-2020
40%
153 Aaron Hughes DF 410 3 (11) 2000-2014
20%
268 Abdoulaye Doucouré MF, FW 368 48 (37) 2012-2025
20%
248 Albin Ekdal MF 374 14 (11) 2008-2023
20%
32 Andrea Consigli GK 510 0 (0) 2008-2009, 2011-2024
20%
316 Anthony Modeste FW 355 116 (20) 2007-2008, 2010-2016, 2019-2023
20%
141 Anthony Réveillère DF 417 6 (20) 2000-2015
20%
338 Antonio Rüdiger DF 350 15 (3) 2011-2025
20%
170 Bafétimbi Gomis FW 404 134 (29) 2004-2017
20%
196 Ben Foster GK 390 0 (1) 2006-2019, 2021-2022
20%
98 Benjamin André DF, MF 438 24 (23) 2011-2025
20%
166 Benoît Cheyrou MF 405 30 (44) 2000-2014
20%
103 Borja Valero MF 436 35 (70) 2007-2021
20%
330 Cédric Carrasso GK 352 0 (0) 2002-2003, 2005-2017
20%
112 Christian Gentner MF 430 46 (39) 2004-2015, 2017-2021
20%
300 Christian Schulz DF, MF 358 23 (8) 2002-2016
20%
292 Cristiano Biraghi DF, MF 361 15 (35) 2013-2025
20%
257 Daniel Caligiuri DF, MF, FW 372 51 (43) 2009-2023
20%
301 Daniel Wass DF, MF 358 39 (39) 2011-2022
20%
228 Emile Heskey FW 380 74 (35) 2000-2012
20%
326 Eric Maxim Choupo-Moting MF, FW 353 75 (29) 2007-2008, 2009-2024
20%
28 Florent Balmont MF 512 13 (39) 2002-2020
20%
229 Giacomo Bonaventura MF, FW 380 64 (39) 2007-2009, 2011-2024
20%
194 Giampaolo Pazzini FW 392 116 (21) 2004-2015, 2017-2018, 2019-2020
20%
134 Gonzalo Castro DF, MF 420 38 (63) 2004-2018, 2020-2022
20%
321 Gylfi Sigurðsson MF, FW 354 76 (53) 2010-2021
20%
335 Halil Altıntop MF, FW 351 67 (29) 2003-2010, 2013-2017
20%
36 Jaroslav Plašil MF 504 29 (50) 2001-2019
20%
127 Jérémy Toulalan DF, MF 423 5 (14) 2001-2018
20%
322 Julian Brandt MF, FW 354 70 (74) 2013-2025
20%
245 Kevin Davies FW 375 72 (48) 2000-2012
20%
328 Kevin Vogt DF, MF 353 4 (11) 2008-2009, 2012-2025
20%
286 Kevin Volland MF, FW 363 108 (67) 2012-2025
20%
242 Lars Stindl MF, FW 376 85 (56) 2007-2008, 2010-2023
20%
287 Lucas Digne DF, MF 363 11 (36) 2011-2025
20%
288 Luis Muriel MF, FW 363 111 (46) 2011-2024
20%
214 Makoto Hasebe DF, MF 384 7 (19) 2007-2024
20%
147 Mark Noble MF 414 47 (35) 2005-2010, 2012-2022
20%
231 Matthias Ginter DF, MF 380 22 (14) 2011-2025
20%
219 Maxime Gonalons MF 383 9 (11) 2009-2024
20%
246 Maximilian Arnold MF 375 44 (40) 2011-2025
20%
235 Nicolas Nkoulou DF 378 11 (0) 2008-2022
20%
290 Pablo Sarabia MF, FW 362 56 (58) 2011-2025
20%
337 Patrick Herrmann DF, MF, FW 351 47 (43) 2009-2024
20%
183 Philippe Mexès DF 397 24 (8) 2000-2016
20%
244 Phil Jagielka DF, MF 376 18 (9) 2006-2021
20%
251 Phil Neville DF, MF 374 8 (17) 2000-2013
20%
278 Rafinha DF 366 14 (33) 2005-2019
20%
293 Rémy Cabella MF, FW 361 61 (48) 2010-2018, 2021-2025
20%
294 Ricardo Rodríguez DF, MF 361 17 (30) 2011-2025
20%
111 Rio Mavuba MF 431 6 (6) 2003-2017
20%
295 Rod Fanni DF 361 8 (14) 2002-2003, 2005-2014, 2016-2017
20%
146 Ryad Boudebouz MF, FW 416 52 (66) 2008-2022
20%
149 Salvatore Sirigu GK 413 0 (0) 2009-2023
20%
284 Scott Parker MF 364 24 (20) 2000-2014
20%
266 Séamus Coleman DF, MF 369 22 (24) 2009-2025
20%
305 Sebastian Rudy MF 358 17 (38) 2008-2023
20%
81 Sergio Pellissier FW 455 112 (33) 2002-2006, 2008-2019
20%
222 Seydou Keita MF 383 43 (18) 2001-2011, 2013-2016
20%
69 Steed Malbranque MF 468 47 (66) 2000-2017
20%
173 Stefan Kießling MF, FW 403 144 (51) 2002-2003, 2004-2018
20%
117 Stéphane Ruffier GK 428 0 (0) 2007-2020
20%
323 Steven Nzonzi MF 354 19 (17) 2009-2021
20%
205 Valon Behrami DF, MF 387 10 (11) 2005-2022
20%
31 Vitorino Hilton DF 512 20 (11) 2003-2021
20%
324 Wahbi Khazri MF, FW 354 78 (36) 2012-2025
20%
143 Aaron Lennon MF, FW 416 36 (50) 2003-2004, 2005-2019, 2021-2022
0%
312 Aïssa Mandi DF 356 22 (10) 2012-2025
0%
178 Alberto Lopo DF 400 18 (4) 2000-2016
0%
200 Alessandro Gamberini DF 388 8 (4) 2000-2001, 2003-2018
0%
164 Andoni Iraola DF, MF 406 33 (34) 2003-2015
0%
261 Angelo Palombo MF 370 11 (18) 2001-2002, 2003-2017
0%
260 Antonio Mirante GK 371 0 (0) 2005-2006, 2007-2020, 2022-2024
0%
132 Benoît Costil GK 420 0 (0) 2007-2008, 2011-2024
0%
165 Benoît Pedretti MF 406 30 (44) 2001-2013, 2016-2017
0%
121 Brad Friedel GK 425 1 (0) 2001-2014
0%
313 Cristian Ledesma MF 356 15 (41) 2001-2002, 2003-2015
0%
187 Cristian Zaccardo DF 396 23 (13) 2001-2016
0%
52 Daniel Congré DF 490 14 (9) 2004-2021
0%
297 Daniele Bonera DF 360 1 (6) 2000-2019
0%
236 Danny Murphy MF 377 48 (52) 2000-2012
0%
89 Dario Dainelli DF 446 11 (2) 2000-2018
0%
339 Davide Biondini MF 350 9 (16) 2005-2018
0%
41 Emiliano Moretti DF 501 11 (9) 2000-2019
0%
76 Étienne Didot MF 460 18 (39) 2001-2019
0%
155 Fabricio Coloccini DF, MF 409 16 (3) 2001-2008, 2010-2016
0%
240 Felipe dal Belo DF 376 14 (6) 2002-2020
0%
150 Fernando Navarro DF 412 3 (7) 2001-2018
0%
133 Francisco Puñal MF 420 22 (35) 2001-2014
0%
201 Giampiero Pinzi MF 388 21 (16) 2000-2016
0%
320 Gorka Iraizoz GK 354 0 (0) 2005-2019
0%
210 Jérémy Mathieu DF 385 24 (22) 2002-2017
0%
122 Jérémy Morel DF 425 10 (15) 2006-2022
0%
340 Joan Capdevila DF 350 30 (14) 2000-2010, 2012-2014
0%
303 Jordan Ferri MF 358 11 (20) 2012-2025
0%
145 José Antonio Reyes MF 416 64 (76) 2001-2007, 2009-2017
0%
104 Jussi Jääskeläinen GK 436 0 (3) 2001-2015
0%
299 Kévin Monnet-Paquet MF, FW 359 33 (21) 2006-2007, 2009-2018, 2020-2021
0%
176 Kevin Nolan MF 401 69 (26) 2001-2008, 2010-2011, 2012-2016
0%
211 Laurent Batlles MF 385 38 (25) 2000-2012
0%
333 Leon Osman MF 352 44 (27) 2002-2016
0%
227 Loïc Perrin DF, MF 381 27 (11) 2004-2020
0%
87 Lorenzo De Silvestri DF, MF 450 28 (22) 2006-2025
0%
270 Luca Cigarini MF 368 18 (36) 2005-2021
0%
314 Manuel Pasqual DF, MF 356 10 (43) 2005-2016, 2018-2019
0%
336 Marco Parolo MF 351 44 (19) 2010-2021
0%
234 Markel Susaeta MF, FW 379 38 (52) 2007-2019
0%
105 Mark Schwarzer GK 436 0 (1) 2000-2015
0%
151 Massimo Gobbi DF, MF 411 12 (26) 2004-2019
0%
334 Massimo Maccarone FW 352 97 (34) 2002-2010, 2014-2017
0%
139 Mathieu Bodmer DF, MF 418 41 (26) 2003-2020
0%
169 Matteo Brighi MF 405 25 (7) 2000-2015, 2018-2019
0%
53 Mickaël Landreau GK 490 0 (0) 2000-2014
0%
140 Morgan De Sanctis GK 418 0 (0) 2000-2007, 2009-2017
0%
163 Nicolas Penneteau GK 407 0 (0) 2000-2004, 2006-2014
0%
304 Olivier Sorlin MF 358 15 (18) 2001-2007, 2011-2015
0%
277 Oriol Romeu MF 366 9 (4) 2010-2025
0%
262 Paul Robinson GK 370 1 (5) 2000-2001, 2002-2011, 2016-2017
0%
291 Pedro Munitis FW 362 29 (60) 2000-2012
0%
252 Richard Dunne DF 374 11 (5) 2000-2001, 2002-2011, 2014-2015
0%
158 Sébastien Frey GK 409 0 (0) 2000-2013
0%
267 Sergi Darder MF, FW 369 29 (33) 2013-2019, 2021-2025
0%
263 Sergio Floccari FW 370 74 (22) 2005-2020
0%
233 Shay Given GK 380 0 (0) 2000-2009, 2011-2012, 2014-2017
0%
281 Simone Perrotta MF 365 42 (25) 2000-2013
0%
128 Souleymane Camara FW 423 62 (27) 2001-2006, 2009-2020
0%
319 Stefano Mauri MF, FW 355 55 (36) 2002-2016
0%
177 Stefano Sorrentino GK 401 0 (0) 2001-2002, 2007-2012, 2014-2019
0%
160 Stewart Downing MF, FW 408 37 (59) 2001-2014, 2016-2017
0%
34 Sylvain Armand DF 507 19 (14) 2000-2017
0%
46 Sylvain Distin DF 497 8 (6) 2000-2016
0%
193 Tomás Rincón MF 393 9 (18) 2008-2023
0%
259 Valter Birsa MF, FW 372 39 (39) 2006-2020
0%
208 Vicente Guaita GK 386 0 (0) 2008-2009, 2010-2015, 2017-2025
0%
247 Xabi Prieto MF 375 53 (49) 2003-2006, 2010-2018
0%
No matching quizzes found
Score Distribution
Percent of People with Each Score
Percentile by Number Answered
Your Score History
You have not taken this quiz